Introducción a la teología pastoral

Zapisane w:
Opis bibliograficzny
1. autor: Szentmártoni, Mihály (Autor)
Format: Książka
Język:hiszpański
Wydane: Pamplona Verbo Divino 1994
Wydanie:1a. ed
Hasła przedmiotowe:
Etykiety: Dodaj etykietę
Nie ma etykietki, Dołącz pierwszą etykiete!

MARC

LEADER 00000cam a2200000 a 4500
001 UCY0028
003 CL-VaPUC
008 940707e19940000SP |||||||||||||||||spa|d
020 |a 8471519712 
082 0 4 |a 253  |b SZE  |2 21 
100 0 |a Szentmártoni, Mihály  |e author  |9 327597 
245 1 0 |a Introducción a la teología pastoral 
250 |a 1a. ed 
300 |a 130 p 
942 |c BK 
945 |d 19940707 00:00:00  |a aalvarez 
260 |a Pamplona  |b Verbo Divino  |c 1994 
650 0 |a Teología pastoral   |9 257832 
583 |a last modification  |c 20171129 10:46:19  |k Rodrigo Vera 
999 |c 229123  |d 229121 
952 |0 0  |1 2  |4 0  |6 253_000000000000000_SZE_1994  |7 0  |8 A  |9 229743  |a BIBTEO  |b BIBTEO  |d 2019-11-15  |i 2992213  |o 253 SZE 1994  |p 2992213  |r 2019-11-15  |w 2019-11-15  |y BK  |k ICR 
952 |0 0  |1 0  |3 erb  |4 0  |6 253_000000000000000_SZE_1994  |7 0  |8 A  |9 229744  |a BIBTEO  |b BIBTEO  |i 5296366  |o 253 SZE 1994  |p 5296366  |r 2025-01-17  |w 2019-11-15  |y BK  |z Catalogado en:20160708  |k ICR 
952 |0 0  |1 0  |3 erb  |4 0  |6 253_000000000000000_SZE_1994  |7 0  |8 A  |9 229745  |a BIBTEO  |b BIBTEO  |i 5440408  |o 253 SZE 1994  |p 5440408  |r 2025-01-17  |w 2019-11-15  |y BK  |z Catalogado en:20171201  |k ICR